Tunisia : (Record no. 21770)
[ view plain ]
| 000 -LEADER | |
|---|---|
| fixed length control field | 01206cam a22002775a 4500 |
| 001 - CONTROL NUMBER | |
| control field | 15881756 |
| 005 - DATE AND TIME OF LATEST TRANSACTION | |
| control field | 20160517151441.0 |
| 008 - FIXED-LENGTH DATA ELEMENTS--GENERAL INFORMATION | |
| fixed length control field | 090826s2010 enkb frb 001 0 eng d |
| 020 ## - INTERNATIONAL STANDARD BOOK NUMBER | |
| International Standard Book Number | 9780415483308 (pbk.) |
| 040 ## - CATALOGING SOURCE | |
| Original cataloging agency | DLC |
| Transcribing agency | DLC |
| Modifying agency | YDX |
| -- | BTCTA |
| -- | NLGGC |
| -- | BWK |
| -- | YDXCP |
| -- | DLC |
| -- | EG-ScBUE |
| Language of cataloging | eng |
| 043 ## - GEOGRAPHIC AREA CODE | |
| Geographic area code | f-ti--- |
| 082 00 - DEWEY DECIMAL CLASSIFICATION NUMBER | |
| Classification number | 320.9611 |
| Edition number | 22 |
| Item number | ALE |
| 100 1# - MAIN ENTRY--PERSONAL NAME | |
| Personal name | Alexander, Christopher. |
| 9 (RLIN) | 40011 |
| 245 10 - TITLE STATEMENT | |
| Title | Tunisia : |
| Remainder of title | stability and reform in the modern Maghreb / |
| Statement of responsibility, etc | Christopher Alexander. |
| 260 ## - PUBLICATION, DISTRIBUTION, ETC. (IMPRINT) | |
| Place of publication, distribution, etc | Oxon ; |
| -- | New York : |
| Name of publisher, distributor, etc | Routledge / Taylor & Francis Group, |
| Date of publication, distribution, etc | 2010. |
| 300 ## - PHYSICAL DESCRIPTION | |
| Extent | xii, 142 p. : |
| Other physical details | map ; |
| Dimensions | 24 cm. |
| 490 0# - Series Statement | |
| Series statement | The contemporary Middle East. |
| 500 ## - GENERAL NOTE | |
| General note | Index : p. [137]-142. |
| 504 ## - BIBLIOGRAPHY, ETC. NOTE | |
| Bibliography, etc | Bibliography : p. [130]-136. |
| 505 0# - FORMATTED CONTENTS NOTE | |
| Formatted contents note | State-building and independence in Tunisia -- Authoritarianism and stability in Tunisian politics -- Stability, reform, and development in Tunisia's economy -- Tunisia and the world -- stability, reform, and Tunisia's future. |
| 650 #7 - SUBJECT ADDED ENTRY--TOPICAL TERM | |
| Topical term or geographic name as entry element | Political stability |
| Geographic subdivision | Tunisia. |
| Source of heading or term | BUEsh |
| 9 (RLIN) | 40012 |
| 650 #7 - SUBJECT ADDED ENTRY--TOPICAL TERM | |
| Topical term or geographic name as entry element | Authoritarianism |
| Geographic subdivision | Tunisia. |
| Source of heading or term | BUEsh |
| 9 (RLIN) | 40013 |
| 651 #7 - SUBJECT ADDED ENTRY--GEOGRAPHIC NAME | |
| Geographic name | Tunisia |
| General subdivision | Politics and government |
| Chronological subdivision | 1987- |
| Source of heading or term | BUEsh |
| 9 (RLIN) | 40014 |
| 653 ## - INDEX TERM--UNCONTROLLED | |
| Resource For college | BAEPS, Political Science |
| Arrived date list | May2016 |
| 942 ## - ADDED ENTRY ELEMENTS (KOHA) | |
| Source of classification or shelving scheme | Dewey Decimal Classification |
| Withdrawn status | Item status | Source of classification or shelving scheme | Damaged status | Not for loan | Vendor | Home library | Current library | Shelving location | Date acquired | Source of acquisition | Cost, normal purchase price | Serial Enumeration / chronology | Total Checkouts | Total Renewals | Full call number | Barcode | Date last seen | Date last borrowed | Cost, replacement price | Koha item type |
|---|---|---|---|---|---|---|---|---|---|---|---|---|---|---|---|---|---|---|---|---|
| Dewey Decimal Classification | Alahram | Central Library | Central Library | First floor | 17/05/2016 | Purchase | 268.00 | 2 | 1 | 3 | 320.9611 ALE | 000032517 | 15/07/2025 | 26/11/2016 | 335.00 | Book - Borrowing |